Les 7 professeurs défense contre les force du mal - Statistiques

Statistiques générales
  • Ce quiz a été pris 296 fois
  • Le résultat moyen est 3 sur 7
Statistiques - réponses
Hint Réponse % Correct
3 Remus Lupin
71%
6 Severus Rogue
58%
2 Gilderoy Lockhart
55%
1 Quirinus Quirrell
55%
5 Dolores Ombrage
37%
4 Alastor Maugrey
32%
7 Amycus Carrow
10%
Aucun quiz correspondant
Distribution des résultats
% des personnes avec chaque résultat
Percentile par nombre de réponses
Votre historique - résultats
Vous n’avez pas pris ce quiz